00599nam a2200181Ia 4500008004100000020001500041041001200056082001600068100001100084245006500095260002500160300000800185650002100193700001400214942000700228999001500235952016700250221030s9999 xx 000 0 und d a0074635778 aEnglish a105.23bDas aA. Das 0aMicrowave Engineering ( DEPARTMENTAL )cby A. Das, S. K. Das bTMHaNew Delhic2005 a516 aECE Departmental aS. K. Das cBK c4179d4179 pBE 8325g199.00l0o105.23 Dasr2022-10-30 00:00:00w2022-10-30yBK003Print4070aMIETLIBbMIETLIBcBL-Departmental, FL-1, CUP-15, SH-4, R-4d2006-11-0110HBE